Goya (Record no. 8703)

MARC details
000 - LÍDER
campo de control de longitud fija 00747nam a2200217Ia 4500
008 - ELEMENTOS DE DATOS DE LONGITUD FIJA - INFORMACIÓN GENERAL
campo de control de longitud fija 0000001960 gw a 0000000000ger00
090 ## - NÚMERO DE LLAMADA DE TIPO LC LOCALMENTE ASIGNADO (OCLC)
Número de clasificación (OCLC) (R) PSP00 F67g
100 1# - ENTRADA PRINCIPAL - NOMBRE PERSONAL
Nombre de la persona Formaggio, Dino
245 10 - TÍTULO DECLARACIÓN
Título Goya
Resto del título : zusammenstellung und bildtexte Dino Formaggio ; einfuhrung von Bernhard Rupprecht
260 ## - PUBLICACIÓN, DISTRIBUCIÓN
Lugar de publicación Munchen (Alemania) : Wilheim Goldmann Verlag
Fecha de publicación 1960
300 ## - DESCRIPCIÓN FÍSICA
Alcance [84] p.
Dimensiones / 31 cm.
500 ## - NOTA GENERAL
Nota general Donación sr León Caridi (20080115)
600 00 - ENTRADA DE SUJETO AÑADIDO - NOMBRE PERSONAL
Nombre de la persona GOYA, FRANCISCO DE, 1746182/
Subdivisión general TRABAJOS PICTORICOS
650 14 - ENTRADA DE SUJETO AÑADIDO - TÉRMINO TÓPICO
Término tópico o elemento de entrada del nombre geográfico ARTE ESPAÑOL
650 14 - ENTRADA DE SUJETO AÑADIDO - TÉRMINO TÓPICO
Término tópico o elemento de entrada del nombre geográfico PINTORES ESPAÑOLES CDROM
650 14 - ENTRADA DE SUJETO AÑADIDO - TÉRMINO TÓPICO
Término tópico o elemento de entrada del nombre geográfico PINTURA ESPAÑOLA
650 14 - ENTRADA DE SUJETO AÑADIDO - TÉRMINO TÓPICO
Término tópico o elemento de entrada del nombre geográfico SIGLO XIX
650 14 - ENTRADA DE SUJETO AÑADIDO - TÉRMINO TÓPICO
Término tópico o elemento de entrada del nombre geográfico SIGLO XIX
700 1# - ENTRADA AGREGADA - NOMBRE PERSONAL
Nombre de la persona Rupprecht, Bernhard
Holdings
Estado de retirada Pérdida de estatus Estado dañado No para préstamo Código de recogida Ubicación permanente Ubicación actual Ubicación de las estanterías Fecha de adquisición Número de llamada completo Código de barras Fecha de la última vez que se vio Número de copia Precio efectivo desde Tipo de artículo Koha
        General ArtNexus ArtNexus General 06/09/2022 P-SP-00 F67G 8708 06/09/2022 Ej.1 06/09/2022 Libro

Powered by Koha